Pays par pays voisins (Difficile) - Asie - Statistiques

Statistiques générales
  • Ce quiz a été pris 377 fois
  • Le résultat moyen est 9 sur 10
Statistiques - réponses
Hint Réponse % Correct
Koweit / Iran Irak
98%
Qatar Arabie Saoudite
97%
Cambodge / Vietnam Laos
96%
Syrie / Israël Liban
96%
Bangladesh / Bhoutan Inde
94%
Birmanie / Malaisie Thaïlande
94%
Azerbaidjan / Russie Géorgie
91%
Kazakhstan / Turkmenistan Ouzbekistan
91%
Timor Oriental / Singapour Malaisie
90%
Chine / Corée du Nord Russie
87%
Aucun quiz correspondant
Distribution des résultats
% des personnes avec chaque résultat
Percentile par nombre de réponses
Votre historique - résultats
Vous n’avez pas pris ce quiz